Chinese numbers : significance, symbolism and traditions

Bibliographic Details
Main Author: Lip, Evelin
Format: Book
Published: Singapore : Times Books International , 1992
Subjects:

MARC

LEADER 00000cam a2200000 7i4500
001 0000008285
002 000009035
005 20011019.0
020 |a 981204325X 
090 0 0 |a 133.335   |b LIP 
100 1 |a Lip, Evelin 
245 1 0 |a Chinese numbers :   |b significance, symbolism and traditions   |c Evelyn Lip 
260 |a Singapore :   |b Times Books International ,   |c 1992 
300 |a 111 p. :   |b ill. ;   |c 24 cm. 
650 0 0 |a Astrology 
999 |a 00095796   |b BUKU   |c PINJAMAN   |e PERPUSTAKAAN KOMUNITI PETALING JAYA 
999 |a 029342   |b BUKU   |c PINJAMAN   |e PERPUSTAKAAN KOMUNITI PETALING JAYA 
999 |a 067326   |b BUKU   |c PINJAMAN   |e PERPUSTAKAAN KOMUNITI PETALING JAYA